| 000 | 00673pam a2200241 a 4500 | ||
|---|---|---|---|
| 001 | 4852828 | ||
| 005 | 20180308041434.0 | ||
| 008 | 910912s1992 moua b 001 0 eng c | ||
| 010 | _a 91035012 | ||
| 020 | _a0801662443 | ||
| 040 |
_aDNLM/DLC _cDLC _dDLC |
||
| 041 | _aeng | ||
| 060 | _aWP 140 C737 | ||
| 080 | _a618.1 | ||
| 082 | 0 | 0 |
_a618.1 HER _220 |
| 100 | _a10 | ||
| 101 | _aGJIN | ||
| 245 | 0 | 0 |
_aComprehensive gynecology / _cArthur L. Herbst ... [et al.]. |
| 504 | _aIncludes bibliographical references and index. | ||
| 906 |
_a7 _bcbc _corignew _d1 _eocip _f19 _gy-gencatlg |
||
| 942 |
_2ddc _cBK |
||
| 999 |
_c44410 _d44410 |
||